| 000 | 01079cad a22002175a 4500 | ||
|---|---|---|---|
| 001 | L154613 | ||
| 008 | 120105e20120104xxk 000 0 eng d | ||
| 035 | _a(Sirsi) u154613 | ||
| 041 | 0 | _aeng | |
| 110 | 2 |
_aUnited Kingdom _bDepartment for Environment, Food and Rural Affairs |
|
| 245 | 0 | 0 |
_aRural and farming networks to provide hotline to the heart of government _h[electronic resource] |
| 260 | _c2012 | ||
| 490 |
_aDEFRA News Release _v4 January 2012 |
||
| 520 | _aFourteen local groups from accross England have been established to feedback local issues and concerns straight into government in order so they can effectively influence future rural policies. | ||
| 590 | _aKA | ||
| 651 | 4 |
_aEngland _y886- |
|
| 690 | _aPROPERTY-RURAL AND NATURAL ASSETS | ||
| 856 | 4 | 0 |
_uhttps://www.defra.gov.uk/news/2012/01/04/rural-and-farming-networks/ _zView the item free of charge at www.defra.gov.uk |
| 856 | 4 | 0 |
_uhttps://www.defra.gov.uk/news/2012/01/04/rural-and-farming-networks/ _zView map of Rural and Farming Network Groups free of charge at archive.defra.gov.uk |
| 942 | _n0 | ||
| 999 |
_c83683 _d83683 |
||